书目信息 |
| 题名: |
官厅水库流域水生态环境综合治理总体规划研究
|
|
| 作者: | 李其军 , 刘培斌 著 | |
| 分册: | ||
| 出版信息: | 北京 中国水利水电出版社 2010.12 |
|
| 页数: | 103页 | |
| 开本: | 29cm | |
| 丛书名: | ||
| 单 册: | ||
| 中图分类: | X143 | |
| 科图分类: | ||
| 主题词: | 水环境--综合治理--研究--延庆县 , 水环境 , 综合治理 | |
| 电子资源: | ||
| ISBN: | 978-7-5084-4859-6 | |
| 000 | 01018nam0 2200277 450 | |
| 001 | 1150289240 | |
| 005 | 20111219135840.37 | |
| 010 | @a978-7-5084-4859-6@dCNY40.00 | |
| 090 | @aX14@blpb | |
| 096 | @aX14@blpb | |
| 100 | @a20110121d2010 em y0chiy50 ea | |
| 101 | 0 | @achi |
| 102 | @aCN@b110000 | |
| 105 | @aa z 000yy | |
| 200 | 1 | @a官厅水库流域水生态环境综合治理总体规划研究@b专著@f刘培斌,李其军著@9guan ting shui ku liu yu shui sheng tai huan jing zong he zhi li zong ti gui hua yan jiu |
| 210 | @a北京@c中国水利水电出版社@d2010.12 | |
| 215 | @a103页@c图@d29cm | |
| 330 | @a本书以北京市重大科技项目“官厅水库流域水质改善总体技术方案研究”成果为基础,介绍了流域点源、非点源、底泥污染、流域上中下游水质等内容。 | |
| 606 | 0 | @a水环境@x综合治理@x研究@y延庆县 |
| 606 | 0 | @a水环境 |
| 606 | 0 | @a综合治理 |
| 690 | @aX143@v4 | |
| 701 | 0 | @a李其军@f(1965~)@4著@9li qi jun |
| 701 | 0 | @a刘培斌@f(1962~)@4著@9liu pei bin |
| 801 | 0 | @aCN@b大连网信软件有限公司图书馆·11@c20111219 |
| 905 | @aZUCC@dX143@eL232 | |
| 官厅水库流域水生态环境综合治理总体规划研究/刘培斌,李其军著.-北京:中国水利水电出版社,2010.12 |
| 103页:图;29cm |
| ISBN 978-7-5084-4859-6:CNY40.00 |
| 本书以北京市重大科技项目“官厅水库流域水质改善总体技术方案研究”成果为基础,介绍了流域点源、非点源、底泥污染、流域上中下游水质等内容。 |
| ● |
| 相关链接 |
|
|
|
正题名:官厅水库流域水生态环境综合治理总体规划研
索取号:X143/L232
 
预约/预借
| 序号 | 登录号 | 条形码 | 馆藏地/架位号 | 状态 | 备注 |
| 1 | 843449 | 208434498 | 自科库501/501自科库 62排5列2层/ [索取号:X143/L232] | 在馆 | |
| 2 | 843450 | 208434504 | 期刊室512/501自科库 62排5列2层/ [索取号:X143/L232] | 在馆 | |
| 3 | 843451 | 208434513 | 自科库501/501自科库 62排5列2层/ [索取号:X143/L232] | 在馆 |